Athribis IX : Die Fassade, der Pronaos, der Querraum und die dekorierten Blöcke und Fragmente des Tempels Ptolemaios XII /
المؤلف الرئيسي:
مؤلفون آخرون: ,
التنسيق: كتاب
اللغة: French
منشور في:
Cairo :
Institut français d'archéologie orientale,
2025.
سلاسل:
Temples of Athribis ; 9
الموضوعات:
الوسوم: إضافة وسم
رقم الطلب: DT73 .A9 v.9
| LEADER | 00882nam a22002537a 4500 | ||
|---|---|---|---|
| 003 | OSt | ||
| 005 | 20260428080049.0 | ||
| 008 | 260427t2025||||ua ao |||||||||| ||fre|| | ||
| 020 | |a 9782724710854 | ||
| 050 | 1 | 4 | |a DT73 |b .A9 v.9 |
| 100 | 0 | |a Böttcher, Susan | |
| 245 | 1 | 0 | |a Athribis IX : |b Die Fassade, der Pronaos, der Querraum und die dekorierten Blöcke und Fragmente des Tempels Ptolemaios XII / |c Susan Böttcher |
| 264 | 1 | |a Cairo : |b Institut français d'archéologie orientale, |c 2025. | |
| 300 | |a 524 pages : |b illustrations; |c 29 cm. | ||
| 490 | 0 | |a Temples of Athribis ; 9 | |
| 650 | 4 | |a Architectural texts |y Ptolemaic |z Egypt. | |
| 650 | 4 | |a Egyptology |x Hieroglyphic studies | |
| 650 | 4 | |a Inscriptions, Egyptian | |
| 651 | |a Athribis (Extinct city) | ||
| 700 | 0 | |a Leitz, Christian | |
| 700 | 0 | |a Mendel, Daniela | |
| 901 | |a reviewed | ||
| 942 | |2 lcc |c BK | ||
| 999 | |c 61893 |d 61893 | ||
